000 00707nam a2200253Ia 4500
003 OSt
005 20221006160814.0
006 a|||||r|||| 00| 0
007 ta
008 221006b |||||||| |||| 00| 0 eng d
020 _a9780824835132
024 _a46,434
037 _cTextual
040 _aEASL
_cEASL
_beng
041 _2eng
_aeng
082 _aW.42.M68, Q2
100 _aROBERTS Luke S.
245 0 _aPerforming the great peace
_b Political space and open secrets in Tokugawa Japan
260 _aHonolulu
_bUniversity of Hawai'i Press
_c2012
300 _a263p.
_ccm.
490 _v JEL
942 _hW.42.M68, Q2
_cTEXL
_2CC
999 _c1114524
_d1114524